Vector analysis with applications (Record no. 7970)

000 -LEADER
fixed length control field 00491nam a22001937a 4500
001 - CONTROL NUMBER
control field 7970
003 - CONTROL NUMBER IDENTIFIER
control field BD-DhUET
008 - FIXED-LENGTH DATA ELEMENTS--GENERAL INFORMATION
fixed length control field 141221b xxu||||| |||| 00| 0 eng d
040 ## - CATALOGING SOURCE
Transcribing agency 0
Modifying agency BD-DhUET
082 ## - DEWEY DECIMAL CLASSIFICATION NUMBER
Classification number 516.83
Item number ALI/1977
100 ## - MAIN ENTRY--PERSONAL NAME
Personal name Ali Ashraf
245 ## - TITLE STATEMENT
Title Vector analysis with applications
Statement of responsibility, etc. by Ali Ashraf
250 ## - EDITION STATEMENT
Edition statement 1st ed.
260 ## - PUBLICATION, DISTRIBUTION, ETC. (IMPRINT)
Place of publication, distribution, etc. Dhaka
Name of publisher, distributor, etc. Hafiz book centre
Date of publication, distribution, etc. 1977
300 ## - PHYSICAL DESCRIPTION
Extent 340[2]p.
Other physical details ill.
650 #0 - SUBJECT ADDED ENTRY--TOPICAL TERM
Topical term or geographic name as entry element Vector analysis
700 ## - ADDED ENTRY--PERSONAL NAME
Personal name Abdul Khaleq Hazra, Md.
942 ## - ADDED ENTRY ELEMENTS (KOHA)
Koha item type General Book
Holdings
Koha item type Date acquired Copy number Koha full call number Price effective from Sublocation or collection (holding branch) Location (home branch) Not for loan Koha issues (times borrowed) Koha date last borrowed Source of classification or shelving scheme Koha normalized classification for sorting Lost status Shelving location Withdrawn status Koha out on loan Damaged status Koha date last seen Piece designation (barcode)
General Book2014-12-211516.83/ALI/19772014-12-21Central Library, BUETCentral Library, BUET 132023-09-26 516_830000000000000_ALI_1977 Circulation section   2025-11-0948782
General Book2015-03-312516.83/ALI/19772015-03-31Central Library, BUETCentral Library, BUET 92024-02-04 516_830000000000000_ALI_1977 Circulation section 2024-02-18 2024-02-0448785
General Book2015-06-073516.83/ALI/19772015-06-07Central Library, BUETCentral Library, BUET    516_830000000000000_ALI_1977 Reading section   2015-06-0756215
General Book2015-06-074516.83/ALI/19772015-06-07Central Library, BUETCentral Library, BUET    516_830000000000000_ALI_1977 Reading section   2015-06-0756213
General Book2015-06-075516.83/ALI/19772015-06-07Central Library, BUETCentral Library, BUET    516_830000000000000_ALI_1977 Reading section   2015-06-0756216
General Book2015-06-076516.83/ALI/19772015-06-07Central Library, BUETCentral Library, BUET    516_830000000000000_ALI_1977 Reading section   2015-06-0756218
General Book2015-07-127516.83/ALI/19772015-07-12Central Library, BUETCentral Library, BUET 12024-10-23 516_830000000000000_ALI_1977 Circulation section   2025-11-0956212